000 00388nam a2200145 4500
999 _c1730
_d1730
008 200131b ||||| |||| 00| 0 eng d
082 0 0 _a510.2462
_bW9832
100 _91350
_aWylie, C. R.
245 1 0 _aAdvanced engineering mathematics /
_cby C. R. Wylie
250 _a2nd ed.
260 _aNew York
_bMcGraw-Hill
_c1960
300 _axi, 696 p.
650 0 _aMathematics
942 _2ddc
_cBK